| 000 | 00585cam a2200229ua 4500 | ||
|---|---|---|---|
| 020 |
_a81-7224-663-3 _c250.00 |
||
| 041 |
_aeng _h |
||
| 082 |
_a551.48 _bROB/HY |
||
| 100 | _aRoberson, John.A . | ||
| 245 |
_aHydraulic engineering / _cA.John Roberson. _hTextual Documents |
||
| 250 |
_a1 / _b. |
||
| 260 |
_aMumbai : _bJaico publishing house , _c1998. |
||
| 300 | _a662 ; . | ||
| 365 | _a250.00 | ||
| 504 | _a | ||
| 700 | 1 | _aCassidy, John. J . | |
| 700 | 1 | _aChaudhry, M Hanif. | |
| 942 | _cBK | ||
| 999 |
_c2060 _d2060 |
||